| 000 | 00515nam a22001577a 4500 | ||
|---|---|---|---|
| 003 | OSt | ||
| 005 | 20250829061526.0 | ||
| 008 | 250829b |||||||| |||| 00| 0 eng d | ||
| 040 |
_aDWC-Main Lib _cOC |
||
| 082 | _aFil. 342.599 A58 1986 | ||
| 245 | _aAng konstitusyon ng republika ng Pilipinas/ | ||
| 260 |
_aManila, Philippines : _bMerriam & Webster Bookstore Inc., _c[1986?]. |
||
| 300 |
_a85 pages : _billustrations ; _c22cm. |
||
| 650 | _a1. Constitution - - Philippines -- Law. | ||
| 942 |
_2ddc _cBK - FIL _n0 _kFil. |
||
| 999 |
_c4321 _d4321 |
||